OPAC Home

හංස සංදේශ ප්‍ර‍දීපය (Record no. 103337)

MARC details
000 -LEADER
fixed length control field 00569nam a2200205Ia 4500
003 - CONTROL NUMBER IDENTIFIER
control field LK-CoDNM
005 - DATE AND TIME OF LATEST TRANSACTION
control field 20240323102002.0
008 - FIXED-LENGTH DATA ELEMENTS--GENERAL INFORMATION
fixed length control field 010623t1953 xxu||||| |||| 00| 1 sin d
040 ## - CATALOGING SOURCE
Original cataloging agency LK-CoDNM
Modifying agency LK-CoDNM
Description conventions LK-CoDNM
041 ## - LANGUAGE CODE
Language code of text/sound track or separate title Sinhala; Sinhalese
080 ## - UNIVERSAL DECIMAL CLASSIFICATION NUMBER
Universal Decimal Classification number ග15
942 ## - ADDED ENTRY ELEMENTS (KOHA)
Koha item type Books
100 ## - MAIN ENTRY--PERSONAL NAME
Personal name Maitriya thero,Vidagama
700 ## - ADDED ENTRY--PERSONAL NAME
Personal name Vijewardhana,H.G.S
Relator term editor
245 ## - TITLE STATEMENT
Title හංස සංදේශ ප්‍ර‍දීපය
246 ## - VARYING FORM OF TITLE
Title proper/short title Hansa Sandeesha Pradeepaya
260 ## - PUBLICATION, DISTRIBUTION, ETC. (IMPRINT)
Name of publisher, distributor, etc. Ratnakara Press
Place of publication, distribution, etc. Colombo
Date of publication, distribution, etc. 1953
300 ## - PHYSICAL DESCRIPTION
Other physical details Damaged
Extent 96p.,18 cm
650 ## - SUBJECT ADDED ENTRY--TOPICAL TERM
Topical term or geographic name as entry element Sandeesha
Holdings
Withdrawn status Lost status Damaged status Not for loan Collection code Permanent Location Current Location Date acquired Full call number Barcode Koha item type
    Damaged   Monographs Library National Museum Colombo - Sri Lanka Library National Museum Colombo - Sri Lanka 2023-08-02 ග15 OB2222-4 Books
Copyright © 2023 Department of National Museum, Colombo 07, Sri Lanka Funded by UNESCO IFAP UNESCO